000 00708nam a22002177a 4500
003 UA-OsUOA
001 122344
007 ta
008 20170424b un ||||| |||| 00| 0 ukr d
100 _aБабак В.
090 _a82
_bБ12
942 _cSA
040 _aUA-OsUOA
_bukr
_cUA-OsUOA
_dUA-OsUOA
245 _aЄдність людини і природи. Цикл уроків із вивчення творчості Максима Рильського
300 _aС.10-21
955 _a0
041 _aukr
080 _a82
773 0 _w122343
_tУкраїнська мова та література
_dК.
_d2017
_g8
650 7 _a82 Література. Літературознавство
_2UDC
999 _c408618
_d408618